[Event "Lignano Sabbiadoro op 1st"]
[Site "Lignano Sabbiadoro"]
[Date "2015.08.03"]
[Round "4.10"]
[White "Vita, Fabrizio"]
[Black "Pegoraro, Nicola"]
[Result "1-0"]
[WhiteElo "2058"]
[BlackElo "1918"]
[PlyCount "69"]
[EventDate "2015.08.01"]
[EventType "swiss"]
[EventRounds "9"]
[EventCountry "ITA"]
[SourceTitle "EXT 2024"]
[Source "ChessBase"]
[SourceDate "2023.10.10"]
[SourceVersion "1"]
[SourceVersionDate "2023.10.10"]
[SourceQuality "1"]

1. c4 e6 2. Nc3 f5 3. Nf3 Nf6 4. g3 Be7 5. Bg2 0-0 6. 0-0 d6 7. d4 Qe8 8. Qc2 Nc6 9. d5 Nb4 10. Qb3 Na6 11. dxe6 Nc5 12. Qc2 Bxe6 13. Ng5 Bc8 14. b4 Na6 15. a3 h6 16. Nh3 c6 17. Bb2 Be6 18. Qd3 Qf7 19. Nf4 Ng4 20. Nxe6 Qxe6 21. Nd5 Ne5 22. Qc3 Kh7 23. f4 cxd5 24. Bxd5 Qd7 25. fxe5 dxe5 26. Rad1 Qc8 27. Qf3 Qc7 28. Bxb7 e4 29. Bxe4 fxe4 30. Qxe4+ Kh8 31. c5 Bxc5+ 32. bxc5 Qxc5+ 33. Bd4 Qh5 34. Qc6 Qg4 35. Ra1 1-0

[Event "Lignano Sabbiadoro op 1st"]
[Site "Lignano Sabbiadoro"]
[Date "2015.08.02"]
[Round "3.12"]
[White "Pegoraro, Nicola"]
[Black "Bergamasco, Tommaso"]
[Result "1/2-1/2"]
[WhiteElo "1918"]
[BlackElo "2042"]
[PlyCount "67"]
[EventDate "2015.08.01"]
[EventType "swiss"]
[EventRounds "9"]
[EventCountry "ITA"]
[SourceTitle "EXT 2024"]
[Source "ChessBase"]
[SourceDate "2023.10.10"]
[SourceVersion "1"]
[SourceVersionDate "2023.10.10"]
[SourceQuality "1"]

1. e4 e6 2. d4 d5 3. e5 b6 4. c3 Qd7 5. Bd3 Ba6 6. Ne2 Ne7 7. Ng3 c5 8. 0-0 Bxd3 9. Qxd3 Nbc6 10. f4 g6 11. Na3 h5 12. Nc2 cxd4 13. cxd4 h4 14. Ne2 Nf5 15. Bd2 Be7 16. g4 hxg3 17. hxg3 Kf8 18. Kg2 Kg7 19. Rh1 Qb7 20. Rxh8 Rxh8 21. Rh1 Rxh1 22. Kxh1 Qc8 23. Kg2 a6 24. a3 Qb7 25. Be1 b5 26. g4 Nh6 27. Qf3 b4 28. axb4 Nxb4 29. Qb3 a5 30. Bxb4 Bxb4 31. Ne3 Qb5 32. Kf3 Qc6 33. Qd3 Qa4 34. Qd1 1/2-1/2

[Event "Chioggia op-A 08th"]
[Site "Chioggia"]
[Date "2013.10.12"]
[Round "2"]
[White "Aprile, Martino"]
[Black "Pegoraro, Nicola"]
[Result "0-1"]
[WhiteElo "1948"]
[BlackElo "2008"]
[PlyCount "56"]
[EventDate "2013.10.10"]
[EventType "swiss"]
[EventRounds "5"]
[EventCountry "ITA"]
[SourceTitle "EXT 2024"]
[Source "ChessBase"]
[SourceDate "2023.10.10"]
[SourceVersion "1"]
[SourceVersionDate "2023.10.10"]
[SourceQuality "1"]

1. e4 c5 2. Nf3 d6 3. c3 Nf6 4. Bd3 Nc6 5. 0-0 Bg4 6. h3 Bh5 7. Bc2 e6 8. d3 Be7 9. a3 0-0 10. Be3 d5 11. exd5 Nxd5 12. d4 Rc8 13. Nbd2 cxd4 14. cxd4 Bf6 15. Qb1 Bg6 16. Bxg6 hxg6 17. Ne4 Nxe3 18. Nxf6+ gxf6 19. fxe3 e5 20. Qd1 Qb6 21. Rf2 Rcd8 22. Nh4 exd4 23. Rxf6 dxe3 24. Qg4 e2+ 25. Kh2 Ne5 26. Qg5 Rd6 27. Rf4 Rd1 28. Nf5 Qg1+ 0-1

[Event "Chioggia op-A 08th"]
[Site "Chioggia"]
[Date "2013.10.12"]
[Round "3"]
[White "Pegoraro, Nicola"]
[Black "Omeri, Silvan"]
[Result "0-1"]
[WhiteElo "2008"]
[BlackElo "2197"]
[PlyCount "86"]
[EventDate "2013.10.10"]
[EventType "swiss"]
[EventRounds "5"]
[EventCountry "ITA"]
[SourceTitle "EXT 2024"]
[Source "ChessBase"]
[SourceDate "2023.10.10"]
[SourceVersion "1"]
[SourceVersionDate "2023.10.10"]
[SourceQuality "1"]

1. e4 c5 2. Nf3 d6 3. d4 cxd4 4. Nxd4 Nf6 5. Nc3 g6 6. f4 Bg7 7. e5 Ng4 8. Bb5+ Kf8 9. 0-0 a6 10. Be2 h5 11. h3 Nh6 12. Be3 Nc6 13. Nxc6 bxc6 14. Bf3 Qc7 15. exd6 exd6 16. Bd4 Nf5 17. Bxg7+ Kxg7 18. Qd2 d5 19. b3 a5 20. Rfe1 Bd7 21. Rad1 Rhe8 22. Be4 Ng3 23. Qd4+ f6 24. Bd3 h4 25. Ne2 Ne4 26. Bxe4 Rxe4 27. Qf2 Rae8 28. Nc3 Rxe1+ 29. Rxe1 Rxe1+ 30. Qxe1 Bf5 31. Qf2 Qd6 32. Na4 d4 33. Nb6 Qb4 34. Nc4 c5 35. Qd2 Qxd2 36. Nxd2 Bxc2 37. Kf2 a4 38. Ke2 axb3 39. axb3 g5 40. fxg5 fxg5 41. Nf3 Bxb3 42. Nxg5 Bd5 43. Kd3 Kg6 0-1

[Event "Milan SSM op"]
[Site "Milan"]
[Date "2012.07.30"]
[Round "5"]
[White "Bisignano, Giuseppe"]
[Black "Pegoraro, Nicola"]
[Result "1-0"]
[WhiteElo "1891"]
[BlackElo "2068"]
[PlyCount "60"]
[EventDate "2012.07.27"]
[EventType "swiss"]
[EventRounds "7"]
[EventCountry "ITA"]
[SourceTitle "EXT 2014"]
[Source "ChessBase"]
[SourceDate "2013.11.20"]
[SourceVersion "1"]
[SourceVersionDate "2013.11.20"]
[SourceQuality "1"]

1. e4 c5 2. Nf3 d6 3. d4 cxd4 4. Nxd4 Nf6 5. Bd3 a6 6. c4 Nc6 7. Nxc6 bxc6 8. Nc3 g6 9. 0-0 Bg7 10. f3 0-0 11. Be3 Rb8 12. Rb1 Qa5 13. Qd2 Re8 14. Rfd1 Nd7 15. Be2 Ne5 16. Qc2 c5 17. h3 Nc6 18. Bf1 Nd4 19. Qf2 Be6 20. Bd3 Nc6 21. f4 Nb4 22. Bf1 f5 23. e5 Red8 24. a3 Nc6 25. b4 Qxa3 26. b5 Qxc3 27. bxc6 dxe5 28. Bxc5 Rxd1 29. Rxd1 Rc8 30. Bxe7 Bxc4 1-0

[Event "Milan SSM op"]
[Site "Milan"]
[Date "2012.07.28"]
[Round "2"]
[White "Pegoraro, Nicola"]
[Black "Cani, Gazmir"]
[Result "0-1"]
[WhiteElo "2068"]
[BlackElo "2151"]
[PlyCount "58"]
[EventDate "2012.07.27"]
[EventType "swiss"]
[EventRounds "7"]
[EventCountry "ITA"]
[SourceTitle "EXT 2014"]
[Source "ChessBase"]
[SourceDate "2013.11.20"]
[SourceVersion "1"]
[SourceVersionDate "2013.11.20"]
[SourceQuality "1"]

1. e4 c5 2. Nf3 d6 3. d4 cxd4 4. Nxd4 Nf6 5. Nc3 a6 6. Bg5 e6 7. f4 Qc7 8. Qf3 b5 9. Bd3 Bb7 10. a4 b4 11. Na2 Nbd7 12. Nxb4 d5 13. Nxd5 exd5 14. e5 Ne4 15. 0-0-0 Ndc5 16. Kb1 Qb6 17. Bxe4 dxe4 18. Qg4 Rb8 19. Nb3 Bc6 20. a5 Qb7 21. f5 Nxb3 22. cxb3 Qxb3 23. Bc1 Bd5 24. Rxd5 Qxd5 25. Rd1 h5 26. Qe2 Qc6 27. e6 Be7 28. Bf4 Rd8 29. Rc1 Qd5 0-1

[Event "Milan SSM op"]
[Site "Milan"]
[Date "2012.07.27"]
[Round "1"]
[White "Margstahler, Francesco"]
[Black "Pegoraro, Nicola"]
[Result "0-1"]
[WhiteElo "1787"]
[BlackElo "2068"]
[PlyCount "72"]
[EventDate "2012.07.27"]
[EventType "swiss"]
[EventRounds "7"]
[EventCountry "ITA"]
[SourceTitle "EXT 2014"]
[Source "ChessBase"]
[SourceDate "2013.11.20"]
[SourceVersion "1"]
[SourceVersionDate "2013.11.20"]
[SourceQuality "1"]

1. e4 c5 2. c3 e5 3. Nf3 Nc6 4. Bc4 Qc7 5. 0-0 Nf6 6. Re1 Be7 7. d3 0-0 8. Nbd2 Nd8 9. Nf1 Ne6 10. Bg5 Nxg5 11. Nxg5 h6 12. Nf3 d6 13. h3 Be6 14. Qb3 Bxc4 15. dxc4 Qc6 16. Qc2 g6 17. Rad1 a6 18. N3d2 Kg7 19. Ne3 b5 20. b3 Rfb8 21. Nd5 Nxd5 22. exd5 Qd7 23. Re3 f5 24. Rde1 Bg5 25. Rg3 Bf4 26. Rf3 Bxd2 27. Qxd2 bxc4 28. bxc4 Rb7 29. Rg3 Rab8 30. Qe2 f4 31. Rg4 Qf5 32. Qe4 Qxe4 33. Rxe4 Rb1+ 34. Kh2 R1b2 35. Kg1 Rxa2 36. Re1 Rbb2 0-1

[Event "Forni di Sopra op 3rd"]
[Site "Forni di Sopra"]
[Date "2012.06.17"]
[Round "2"]
[White "Pegoraro, Nicola"]
[Black "Bonfa, Ileano"]
[Result "1/2-1/2"]
[WhiteElo "2068"]
[BlackElo "2265"]
[PlyCount "56"]
[EventDate "2012.06.16"]
[EventType "swiss"]
[EventRounds "9"]
[EventCountry "ITA"]
[SourceTitle "CBM 149 Extra"]
[Source "ChessBase"]
[SourceDate "2012.08.24"]
[SourceVersion "1"]
[SourceVersionDate "2012.08.24"]
[SourceQuality "1"]

1. e4 c5 2. Nf3 g6 3. d4 cxd4 4. Nxd4 Nc6 5. Nc3 Bg7 6. Nb3 Bxc3+ 7. bxc3 Nf6 8. Bb2 d5 9. exd5 Qxd5 10. Qxd5 Nxd5 11. 0-0-0 Nc7 12. Nd4 Bd7 13. c4 Nxd4 14. Bxd4 Rg8 15. Kb2 Ne6 16. Be3 Nd8 17. c5 Nc6 18. Bb5 0-0-0 19. Bc4 Be8 20. Rxd8+ Nxd8 21. Bg5 e6 22. Re1 Bc6 23. g3 Re8 24. Bf6 Bg2 25. f4 Nc6 26. Bb5 Bd5 27. a3 Rg8 28. Bxc6 Bxc6 1/2-1/2

[Event "Arco op 33rd"]
[Site "Arco"]
[Date "2011.10.26"]
[Round "5"]
[White "Pegoraro, Nicola"]
[Black "Panjkovic, Aleksandar"]
[Result "1/2-1/2"]
[WhiteElo "2044"]
[BlackElo "2187"]
[PlyCount "36"]
[EventDate "2011.10.22"]
[EventType "swiss"]
[EventRounds "9"]
[EventCountry "ITA"]
[SourceTitle "EXT 2012"]
[Source "ChessBase"]
[SourceDate "2011.11.24"]
[SourceVersion "1"]
[SourceVersionDate "2011.11.24"]
[SourceQuality "1"]

1. e4 d6 2. d4 Nf6 3. Nc3 g6 4. f3 c6 5. Be3 b5 6. Qd2 Nbd7 7. Nh3 Bb7 8. Be2 Bg7 9. 0-0 0-0 10. Nf2 a6 11. Bh6 e5 12. Bxg7 Kxg7 13. Rad1 Re8 14. f4 b4 15. Nb1 Qb6 16. Kh1 c5 17. fxe5 dxe5 18. d5 a5 1/2-1/2

[Event "ITA-ch sf 71st"]
[Site "Acqui Terme"]
[Date "2011.07.19"]
[Round "3"]
[White "Boscolo Meneguolo, Federico"]
[Black "Pegoraro, Nicola"]
[Result "1-0"]
[WhiteElo "2196"]
[BlackElo "2016"]
[PlyCount "57"]
[EventDate "2011.07.17"]
[EventType "swiss"]
[EventRounds "9"]
[EventCountry "ITA"]
[SourceTitle "EXT 2013"]
[Source "ChessBase"]
[SourceDate "2012.11.22"]
[SourceVersion "1"]
[SourceVersionDate "2012.11.22"]
[SourceQuality "1"]

1. e4 c5 2. Nc3 Nc6 3. Nge2 e6 4. d4 cxd4 5. Nxd4 d6 6. Be3 Nf6 7. Be2 Be7 8. 0-0 Bd7 9. Nb3 Na5 10. Nd2 Qc7 11. f4 0-0 12. Kh1 Rfd8 13. Rc1 d5 14. e5 Ne4 15. Ncxe4 dxe4 16. Qe1 b5 17. Nxe4 Nc4 18. Bf3 Rac8 19. Bd4 Bc6 20. Qf2 Rd7 21. b3 Nb6 22. Bb2 Qb7 23. Rfe1 Rcd8 24. Qg3 Kh8 25. f5 Bf8 26. f6 g6 27. Qh4 Rd4 28. Bxd4 Rxd4 29. c3 1-0

[Event "Milan Palladino Memorial"]
[Site "Milan"]
[Date "2011.04.22"]
[Round "2"]
[White "Salmoiraghi, Angelo"]
[Black "Pegoraro, Nicola"]
[Result "1/2-1/2"]
[WhiteElo "2161"]
[BlackElo "2016"]
[PlyCount "99"]
[EventDate "2011.04.21"]
[EventType "swiss"]
[EventRounds "7"]
[EventCountry "ITA"]
[SourceTitle "EXT 2023"]
[Source "ChessBase"]
[SourceDate "2022.10.05"]
[SourceVersion "1"]
[SourceVersionDate "2022.10.05"]
[SourceQuality "1"]

1. d4 f5 2. Nf3 Nf6 3. g3 e6 4. Bg2 d5 5. c4 c6 6. 0-0 Bd6 7. Nc3 0-0 8. Qc2 Qe8 9. Rb1 Qh5 10. b4 Ne4 11. b5 Nd7 12. bxc6 bxc6 13. cxd5 exd5 14. Nxe4 fxe4 15. Qxc6 Rb8 16. Rxb8 Bxb8 17. Ba3 Re8 18. g4 Qxg4 19. Qxd5+ Kh8 20. Ng5 h6 21. Nxe4 Nb6 22. Qc6 Bd7 23. Qb7 Qxe2 24. Bc5 Bg4 25. Bxb6 axb6 26. Ng3 Qxa2 27. Qxb6 Ba7 28. Qg6 Qe6 29. Qxe6 Bxe6 30. d5 Bd7 31. Ra1 Bb6 32. Rb1 Rb8 33. Be4 Bc7 34. Rxb8+ Bxb8 35. Kf1 Kg8 36. Ke2 Kf7 37. Ke3 Ba7+ 38. Kf3 g6 39. Kg2 g5 40. Bf5 Ba4 41. Ne4 Bb3 42. Be6+ Ke7 43. Bg8 Kf8 44. Be6 Ke7 45. Kg3 Bc2 46. Nc3 Bd3 47. Nd1 Bb8+ 48. Kg2 Bf4 49. f3 Kd6 50. Nf2 1/2-1/2

[Event "Milan Palladino Memorial"]
[Site "Milan"]
[Date "2011.04.01"]
[Round "1"]
[White "Pegoraro, Nicola"]
[Black "Bonassi, Tommaso"]
[Result "1-0"]
[WhiteElo "2016"]
[BlackElo "1865"]
[PlyCount "63"]
[EventDate "2011.04.21"]
[EventType "swiss"]
[EventRounds "7"]
[EventCountry "ITA"]
[SourceTitle "EXT 2023"]
[Source "ChessBase"]
[SourceDate "2022.10.05"]
[SourceVersion "1"]
[SourceVersionDate "2022.10.05"]
[SourceQuality "1"]

1. e4 c5 2. Nf3 d6 3. d4 cxd4 4. Nxd4 Nf6 5. Nc3 a6 6. Bg5 e6 7. f4 Be7 8. Qf3 Qc7 9. 0-0-0 h6 10. Bh4 Nc6 11. e5 Nxd4 12. Rxd4 dxe5 13. Rc4 Qb8 14. fxe5 Qxe5 15. Bg3 Qa5 16. Ra4 Qb6 17. Bf2 Bc5 18. Bh4 Be3+ 19. Kb1 Bd4 20. Bb5+ Bd7 21. Rxd4 Qxd4 22. Bxf6 Qxf6 23. Bxd7+ Ke7 24. Qe4 Qf5 25. Qb4+ Kxd7 26. Qxb7+ Kd6 27. Re1 Qg6 28. Ne4+ Ke5 29. Qc7+ Kf5 30. g4+ Kxg4 31. Qg3+ Kh5 32. Qh3# 1-0

[Event "Arco op 32nd"]
[Site "Arco"]
[Date "2010.10.23"]
[Round "8"]
[White "Pegoraro, Nicola"]
[Black "Von Wantoch Rekowski, Markus"]
[Result "1-0"]
[WhiteElo "1975"]
[BlackElo "1927"]
[PlyCount "93"]
[EventDate "2010.10.16"]
[EventType "swiss"]
[EventRounds "9"]
[EventCountry "ITA"]
[SourceTitle "EXT 2024"]
[Source "ChessBase"]
[SourceDate "2023.10.10"]
[SourceVersion "1"]
[SourceVersionDate "2023.10.10"]
[SourceQuality "1"]

1. e4 d5 2. d4 dxe4 3. Nc3 e5 4. dxe5 Qxd1+ 5. Nxd1 Nc6 6. Bf4 Nge7 7. Bb5 Be6 8. Nc3 Ng6 9. Bxc6+ bxc6 10. Bg3 Bb4 11. Nge2 0-0-0 12. a3 Bxc3+ 13. Nxc3 Bd5 14. 0-0-0 Rhe8 15. Rhe1 h5 16. h4 Nxe5 17. Nxe4 Ng4 18. f3 Bxe4 19. Rxd8+ Kxd8 20. Rxe4 Rxe4 21. fxe4 Ne3 22. Bf2 Nxg2 23. Kd2 a6 24. Bg3 g5 25. hxg5 h4 26. Bh2 h3 27. Ke2 Ke7 28. Bxc7 f6 29. gxf6+ Kxf6 30. Kf2 Kg5 31. Bh2 Nf4 32. b4 Ne6 33. Ke3 Kg4 34. c4 Nd8 35. a4 Nb7 36. Be5 a5 37. b5 cxb5 38. cxb5 Nc5 39. b6 Nb7 40. Kd4 Kf3 41. Kd5 Nd8 42. Bc7 Ke3 43. Bh2 Kf3 44. e5 Kg2 45. e6 Nxe6 46. Kxe6 Kxh2 47. b7 1-0

[Event "Arco op 32nd"]
[Site "Arco"]
[Date "2010.10.18"]
[Round "3"]
[White "Pegoraro, Nicola"]
[Black "Kierzek, Matthias"]
[Result "0-1"]
[WhiteElo "1975"]
[BlackElo "2145"]
[PlyCount "34"]
[EventDate "2010.10.16"]
[EventType "swiss"]
[EventRounds "9"]
[EventCountry "ITA"]
[SourceTitle "EXT 2024"]
[Source "ChessBase"]
[SourceDate "2023.10.10"]
[SourceVersion "1"]
[SourceVersionDate "2023.10.10"]
[SourceQuality "1"]

1. e4 c6 2. d4 d5 3. Nc3 dxe4 4. Bc4 Nf6 5. f3 exf3 6. Nxf3 Bf5 7. Ne5 e6 8. g4 Nfd7 9. gxf5 Nxe5 10. Be2 Qh4+ 11. Kf1 Qh3+ 12. Ke1 Be7 13. dxe5 Qg2 14. Kd2 Na6 15. Qf1 0-0-0+ 16. Nd5 Rxd5+ 17. Kc3 Qe4 0-1

[Event "Senigallia op 5th"]
[Site "Senigallia"]
[Date "2010.08.05"]
[Round "4"]
[White "Pegoraro, Nicola"]
[Black "Pasquotto, Mirko"]
[Result "0-1"]
[WhiteElo "2036"]
[BlackElo "1925"]
[PlyCount "64"]
[EventDate "2010.08.02"]
[EventType "swiss"]
[EventRounds "7"]
[EventCountry "ITA"]
[SourceTitle "CBM 137 Extra"]
[Source "ChessBase"]
[SourceDate "2010.09.01"]
[SourceVersion "1"]
[SourceVersionDate "2010.09.01"]
[SourceQuality "1"]

1. e4 c5 2. Nf3 d6 3. d4 cxd4 4. Nxd4 Nf6 5. Nc3 a6 6. Bg5 e6 7. f4 Nc6 8. Nxc6 bxc6 9. e5 h6 10. Bh4 g5 11. fxg5 Nd5 12. Ne4 Qb6 13. Bd3 hxg5 14. Bxg5 Qxb2 15. Bf6 Nxf6 16. Nxf6+ Kd8 17. 0-0 Qxe5 18. g3 Qe3+ 19. Kg2 Qh6 20. Ng4 Qh3+ 21. Kf3 e5 22. Nf2 Qh5+ 23. g4 Qxh2 24. Rh1 Qf4+ 25. Kg2 Rg8 26. Qf3 Qxf3+ 27. Kxf3 d5 28. Bh7 e4+ 29. Ke2 Bxg4+ 30. Nxg4 Rxg4 31. Rhf1 Rg2+ 32. Kd1 Rb8 0-1

[Event "Senigallia op 5th"]
[Site "Senigallia"]
[Date "2010.08.04"]
[Round "3"]
[White "Sabia, Corrado"]
[Black "Pegoraro, Nicola"]
[Result "1-0"]
[WhiteElo "2176"]
[BlackElo "2036"]
[PlyCount "79"]
[EventDate "2010.08.02"]
[EventType "swiss"]
[EventRounds "7"]
[EventCountry "ITA"]
[SourceTitle "CBM 137 Extra"]
[Source "ChessBase"]
[SourceDate "2010.09.01"]
[SourceVersion "1"]
[SourceVersionDate "2010.09.01"]
[SourceQuality "1"]

1. c4 f5 2. g3 Nf6 3. Bg2 g6 4. Nc3 Bg7 5. d3 0-0 6. e4 d6 7. Nge2 Nc6 8. 0-0 e5 9. Nd5 fxe4 10. dxe4 Be6 11. h3 Qd7 12. Kh2 Ne7 13. Be3 c6 14. Nxe7+ Qxe7 15. Rc1 Rfd8 16. Qc2 Bf7 17. b3 Nd7 18. Rcd1 c5 19. Nc3 Nf8 20. Nd5 Bxd5 21. exd5 Nd7 22. Rde1 Bf6 23. h4 Qg7 24. Bh3 Re8 25. Qc1 Nf8 26. Bh6 Qh8 27. Re4 Re7 28. Qd1 Rae8 29. Kg2 Bg7 30. Bg5 Bf6 31. Bh6 Bg7 32. Bg5 Bf6 33. Bd2 Qg7 34. Qc1 Kh8 35. Bh6 Qf7 36. Rh1 Bg7 37. Bg5 Bf6 38. Bh6 Bg7 39. Bg5 Bf6 40. Bxf6+ 1-0

[Event "Ischia op"]
[Site "Ischia"]
[Date "2010.??.??"]
[Round "3"]
[White "De Rosa, Mariagrazia"]
[Black "Pegoraro, Nicola"]
[Result "0-1"]
[WhiteElo "2070"]
[BlackElo "2035"]
[PlyCount "98"]
[EventDate "2010.02.??"]
[EventType "swiss"]
[EventRounds "9"]
[EventCountry "ITA"]
[SourceTitle "EXT 2012"]
[Source "ChessBase"]
[SourceDate "2011.11.24"]
[SourceVersion "1"]
[SourceVersionDate "2011.11.24"]
[SourceQuality "1"]

1. e4 c5 2. Nf3 d6 3. d4 cxd4 4. Nxd4 Nf6 5. Nc3 a6 6. Be2 e5 7. Nb3 Be7 8. 0-0 0-0 9. f4 b5 10. a4 b4 11. Nd5 Nxd5 12. exd5 Bb7 13. a5 Nd7 14. Ra4 Nf6 15. Bc4 Rc8 16. Rxb4 Rxc4 17. Rxc4 Bxd5 18. Ra4 Qa8 19. Qe2 Qc6 20. Rb4 Rc8 21. fxe5 dxe5 22. Rb6 Qxc2 23. Qxc2 Rxc2 24. Rb8+ Bf8 25. Nd2 g5 26. Nf3 h6 27. Be3 Kg7 28. Rf2 Rc4 29. Rd8 Be7 30. Rxd5 Nxd5 31. Nxe5 Nxe3 32. Rxf7+ Kg8 33. Nxc4 Kxf7 34. Nxe3 Bb4 35. Nc4 Ke6 36. Kf2 Kd5 37. b3 Kd4 38. Kf3 Kc3 39. Ne5 Bxa5 40. Nf7 Kxb3 41. Nxh6 Bc7 42. Nf7 a5 43. Nxg5 a4 44. Ne4 a3 45. Nc5+ Kc2 46. Ne6 Be5 47. Ke4 Bc3 48. g4 a2 49. g5 a1Q 0-1

[Event "ITA-ch qual"]
[Site "Saint Vincent"]
[Date "2008.07.27"]
[Round "9"]
[White "Castellano, Alfonso"]
[Black "Pegoraro, Nicola"]
[Result "1-0"]
[WhiteElo "1926"]
[BlackElo "2021"]
[PlyCount "97"]
[EventDate "2008.07.19"]
[EventType "swiss"]
[EventRounds "9"]
[EventCountry "ITA"]
[SourceTitle "EXT 2009"]
[Source "ChessBase"]
[SourceDate "2008.11.26"]
[SourceVersion "1"]
[SourceVersionDate "2008.11.26"]
[SourceQuality "1"]

1. c4 f5 2. Nf3 Nf6 3. g3 e6 4. Bg2 d5 5. 0-0 Bd6 6. d3 0-0 7. b3 Qe7 8. Nc3 c6 9. e4 fxe4 10. dxe4 Bb4 11. Bb2 Bxc3 12. Bxc3 Nxe4 13. Bb2 Nd7 14. Qe2 a5 15. Ne1 Nef6 16. Nd3 dxc4 17. bxc4 e5 18. Nxe5 Nxe5 19. Qxe5 Qxe5 20. Bxe5 Be6 21. Rac1 Rfe8 22. Rfe1 Kf7 23. Bc7 Re7 24. Bb6 Ra6 25. Bc5 Rd7 26. Bf1 Rd2 27. Re2 Rxe2 28. Bxe2 Ne4 29. Be3 Ra8 30. Bd3 Nd6 31. Bc5 Ne8 32. Rb1 b5 33. cxb5 cxb5 34. Rxb5 Bxa2 35. Rb7+ Kg8 36. Be4 Rc8 37. Ba3 a4 38. Bb2 Rd8 39. Bc2 Ra8 40. Ba3 Bd5 41. Rb4 Bc6 42. Rc4 Bb5 43. Rd4 Nf6 44. h4 Kf7 45. g4 g6 46. g5 Nd7 47. Be4 Ra7 48. Bd5+ Kg7 49. Rf4 1-0

[Event "ITA-ch qual"]
[Site "Saint Vincent"]
[Date "2008.07.24"]
[Round "6"]
[White "Pegoraro, Nicola"]
[Black "Caresana, Alessandro"]
[Result "1/2-1/2"]
[WhiteElo "2021"]
[BlackElo "2043"]
[PlyCount "81"]
[EventDate "2008.07.19"]
[EventType "swiss"]
[EventRounds "9"]
[EventCountry "ITA"]
[SourceTitle "EXT 2009"]
[Source "ChessBase"]
[SourceDate "2008.11.26"]
[SourceVersion "1"]
[SourceVersionDate "2008.11.26"]
[SourceQuality "1"]

1. e4 e5 2. f4 exf4 3. Nf3 Nf6 4. d4 Nxe4 5. Bd3 d5 6. 0-0 Bd6 7. c4 c6 8. cxd5 cxd5 9. Qb3 Be6 10. Qxb7 Nd7 11. Bxe4 dxe4 12. Qxe4 0-0 13. Ne5 Nxe5 14. dxe5 Bc5+ 15. Kh1 Bd5 16. Qxf4 Rb8 17. Nc3 Rb4 18. Qd2 Rd4 19. Qc2 Bc4 20. Ne2 Rg4 21. Rf4 Qh4 22. Bd2 Bxe2 23. Rxg4 Qxg4 24. Qxc5 Re8 25. Qe3 Rd8 26. Bc3 Rd3 27. Qxa7 h5 28. Qf2 Bd1 29. h3 Qe4 30. Kg1 h4 31. a4 Bxa4 32. Re1 Qd5 33. Qxh4 Bc6 34. Qg4 Qc5+ 35. Kh2 Bf3 36. gxf3 Rxc3 37. bxc3 Qf2+ 38. Qg2 Qxe1 39. Qc2 Qxe5+ 40. Kg2 Qg5+ 41. Kf1 1/2-1/2

[Event "Bratto op-A 27th"]
[Site "Bratto"]
[Date "2007.08.29"]
[Round "7"]
[White "Tommaselli, Giacomo"]
[Black "Pegoraro, Nicola"]
[Result "1/2-1/2"]
[WhiteElo "2030"]
[BlackElo "2061"]
[PlyCount "115"]
[EventDate "2007.08.23"]
[EventType "swiss"]
[EventRounds "9"]
[EventCountry "ITA"]
[SourceTitle "CBM 120 Extra"]
[Source "ChessBase"]
[SourceDate "2007.11.01"]
[SourceVersion "1"]
[SourceVersionDate "2007.11.01"]
[SourceQuality "1"]

1. d4 f5 2. Nf3 Nf6 3. c4 g6 4. Nc3 Bg7 5. g3 d6 6. Bg2 0-0 7. 0-0 Nc6 8. Qc2 e5 9. dxe5 dxe5 10. Rd1 Qe8 11. Nd5 Rf7 12. Qa4 Ne4 13. Ng5 Nxg5 14. Bxg5 Be6 15. Rac1 Nd4 16. Qxe8+ Rxe8 17. Kf1 h6 18. Bd2 Rd7 19. Bc3 Red8 20. Ne3 c6 21. Bh3 Kf7 22. b3 Bf6 23. Bxd4 Rxd4 24. Rxd4 Rxd4 25. Nc2 Rd8 26. e3 e4 27. Ke2 Be5 28. Rd1 Rxd1 29. Kxd1 Ke7 30. Nd4 Bd7 31. Bg2 c5 32. Ne2 Bc6 33. Nf4 Kf6 34. Kc2 Bd6 35. Bf1 g5 36. Ne2 h5 37. Bg2 Be5 38. a4 Bc7 39. Bf1 Ba5 40. Nc3 Ke5 41. Be2 h4 42. Kb2 Bd8 43. Bf1 Be7 44. Be2 Bf8 45. Kc2 Bg7 46. Bh5 f4 47. Bg4 Bf6 48. Kd2 a6 49. Ke2 Be7 50. Kd2 hxg3 51. hxg3 Bd8 52. Bc8 Bc7 53. g4 Ba5 54. Kc2 f3 55. Bf5 Bc7 56. Kd2 b6 57. Kc2 Bb7 58. Kd1 1/2-1/2